| 000 | 01259cam a2200337 i 4500 | ||
|---|---|---|---|
| 999 |
_c1960 _d1960 |
||
| 001 | 17861292 | ||
| 003 | OSt | ||
| 005 | 20230220165432.0 | ||
| 008 | 130822s2014 deuab j b 001 0 eng | ||
| 010 | _a 2013033977 | ||
| 020 | _a9781612284835 | ||
| 040 |
_aDLC _beng _cDLC _erda _dKH8 |
||
| 042 | _apcc | ||
| 043 | _aa-ph--- | ||
| 082 | 0 | 0 |
_a959.9 BAN _223 |
| 100 | 1 |
_aBankston, John, _d1974- _eauthor |
|
| 245 | 1 | 0 |
_aWe visit the Philippines / _cJohn Bankston. |
| 246 | 3 | _aPhilippines | |
| 264 | 1 |
_aHockessin, Delaware : _bMitchell Lane Publishers, _c[2014] |
|
| 300 |
_a63 pages : _billustrations, maps ; _c25 cm. |
||
| 336 |
_atext _2rdacontent |
||
| 337 |
_aunmediated _2rdamedia |
||
| 338 |
_avolume _2rdacarrier |
||
| 490 | 0 | _aYour land and my land: Asia | |
| 504 | _aIncludes bibliographical references and index. | ||
| 505 | 0 | _aThe Philippines overview -- Early arrivals -- Muslim encounters -- The Spanish take control -- The U.S. moves in -- Aftermath -- The Philippines today -- Filipinos to know. | |
| 651 | 0 |
_aPhilippines _vJuvenile literature. |
|
| 906 |
_a7 _bcbc _corignew _d1 _eecip _f20 _gy-gencatlg |
||
| 942 |
_2ddc _cNFIC |
||